El tratado de 1904, la gran estafa

Salvato in:
Dettagli Bibliografici
Autore principale: Becerra de la Roca, Rodolfo (Autore)
Natura: Libro
Lingua:spagnolo
Pubblicazione: La Paz Plural 2004
Edizione:2a. ed
Soggetti:
Tags: Aggiungi Tag
Nessun Tag, puoi essere il primo ad aggiungerne!!

MARC

LEADER 00000nam a2200000 a 4500
001 UCK9701
003 CL-VaPUC
008 060519e20040500BO |||||||||||||||||spa|d
020 |a 9990575622 
082 0 4 |a 984.051  |b BEC  |2 21 
100 0 |a Becerra de la Roca, Rodolfo  |e author  |9 499530 
245 1 3 |a El tratado de 1904, la gran estafa 
250 |a 2a. ed 
300 |a 253 p 
942 |c BK 
945 |d 20060519 00:00:00  |a jtorresc 
260 |a La Paz  |b Plural  |c 2004 
500 |a El libro ofrece 7 mapas y abundante discusión bibliográfica 
500 |a El autor es abogado y miembro de número de la Academia Boliviana de Historia Militar 
650 0 |a Tratados internacionales   |9 256056 
650 0 |a Diplomacia  |9 256483 
650 0 |a Mapas  |9 260844 
650 0 |a Fuentes Históricas  |9 265141 
650 7 |a CONFEDERACION PERU-BOLIVIANA  |2 CL-VaPUC  |9 436738 
651 0 |a Bolivia  |9 255454 
651 7 |a CHILE  |2 CL-VaPUC  |9 499531 
651 0 |a Perú  |9 256567 
583 |a last modification  |c 20130925 06:11:37  |k Rodrigo Vera 
999 |c 316769  |d 316767 
952 |0 0  |1 0  |4 0  |6 984_051000000000000_BEC_2004  |7 0  |8 A  |9 391765  |a BIBHIS  |b BIBHIS  |d 2019-11-22  |i 4230574  |o 984.051 BEC 2004  |p 4230574  |r 2025-01-20  |w 2019-11-22  |y BK  |k HIS 
952 |0 0  |1 0  |4 0  |6 984_051000000000000_BEC_2004  |7 0  |8 X  |9 391766  |a FDOBUD  |b FDOBUD  |d 2019-11-22  |i 1084429  |o 984.051 BEC 2004  |p 1084429  |r 2019-11-22  |w 2019-11-22  |y BK_X  |k BUD